Datum a čas kvízu
30
Celkem bodů
Celkový počet nahraných bodů na tomto kvízu bez doplňovacích otázek.
8.
Pořadí na kvízu
Konečné umístění týmu na tomto kvízu.
Zaznamenané odpovědi
| # | Otázka | Odpověď | Body | Výsledky |
|---|---|---|---|---|
| 1. | Jak se jmenuje tento muž, kter... | Vladimír Balaš | 1 | |
| 2. | Minulý týden vyšla zpráva o to... | D) papoušky | 1 | |
| 3. | Historickým městem roku 2022 s... | Vysoké Mýto | 1 | |
| 4. | Japonská společnost Sega oznám... | Angry Birds | 1 | |
| 5. | Minulý týden začal soudní proc... | Roman Berbr, Plzeň | 0 | |
| 6. | O slovanských bozích a mýtech... | Vesna | 0 | |
| 7. | Níže zobrazený český lékař a b... | Jan Evangelista Purkyně, Živa | 0.5 | |
| 8. | Známou mýtickou bytostí slovan... | třikrát | 0 | |
| 9. | Seřaďte tyto slovanské svátky... | 1B 2A 3D 4C | 0 | |
| 10. | Ve fantasy románu Američtí ___... | Američtí bohové, Neil Gaiman | 1 |